| 000 | 00622nam a2200181 i 4500 | ||
|---|---|---|---|
| 001 | 64698 | ||
| 003 | ES-MaACL | ||
| 005 | 20230906165205.0 | ||
| 007 | t| | ||
| 008 | 040105s1944 sp ||||1| spa d | ||
| 100 | 1 |
_aFormoso Permuy, Antonio. _951763 |
|
| 245 | 1 | 0 |
_a2.000 procedimientos industriales al alcance de todos / _cpor A. Formosa. |
| 250 | _a9ª ed. rev. y muy aum. con nuevas fórmulas. | ||
| 260 |
_aLa Coruña : _bFormoso, _c1944 ( _fImp. Roel) |
||
| 300 |
_a1030 p., 29 lám. : _bil. ; _c20 cm. |
||
| 740 | 0 | _aDos mil procedimientos industriales al alcance de todos. | |
| 852 |
_aES-MaACL _jB-10569 _bR.22380 |
||
| 999 |
_c64698 _d64698 |
||